NFL Top 100 Players of 2012 - Statistics

General Stats
  • This quiz has been taken 7 times
  • The average score is 29 of 100
Answer Stats
Spot Pos. Player % Correct
1 QB Aaron Rodgers
100%
4 QB Tom Brady
100%
8 RB Adrian Peterson
86%
31 QB Eli Manning
86%
42 OT Jason Peters
86%
55 CB Patrick Peterson
86%
50 QB Peyton Manning
86%
2 QB Drew Brees
71%
66 S Earl Thomas
71%
82 OT Joe Thomas
71%
17 DE Justin Smith
71%
61 QB Philip Rivers
71%
21 TE Rob Gronkowski
71%
35 WR Steve Smith
71%
15 WR Andre Johnson
57%
30 QB Ben Roethlisberger
57%
3 WR Calvin Johnson
57%
100 RB Chris Johnson
57%
78 LB Derrick Johnson
57%
16 S Ed Reed
57%
29 LB James Harrison
57%
94 RB Marshawn Lynch
57%
41 QB Matthew Stafford
57%
20 LB Ray Lewis
57%
22 RB Ray Rice
57%
23 WR Wes Welker
57%
5 CB Darrelle Revis
43%
28 RB Frank Gore
43%
56 WR Greg Jennings
43%
74 QB Joe Flacco
43%
7 WR Larry Fitzgerald
43%
53 TE Tony Gonzalez
43%
91 QB Tony Romo
43%
52 LB Von Miller
43%
77 WR A. J. Green
29%
25 RB Arian Foster
29%
40 QB Cam Newton
29%
71 WR DeSean Jackson
29%
96 LB D'Qwell Jackson
29%
83 RB Fred Jackson
29%
32 OG Jahri Evans
29%
80 WR Jordy Nelson
29%
26 DE Julius Peppers
29%
12 RB Maurice Jones-Drew
29%
38 DT Ndamukong Suh
29%
37 RB Steven Jackson
29%
19 S Troy Polamalu
29%
43 TE Vernon Davis
29%
81 DT Vince Wilfork
29%
51 LB Brian Urlacher
14%
46 CB Champ Bailey
14%
36 CB Charles Woodson
14%
27 LB Clay Matthews
14%
93 CB Cortland Finnegan
14%
60 RB Darren McFadden
14%
86 RB Darren Sproles
14%
6 LB DeMarcus Ware
14%
48 WR Devin Hester
14%
9 DT Haloti Ngata
14%
13 DE Jared Allen
14%
75 TE Jason Witten
14%
14 TE Jimmy Graham
14%
67 OT Joe Staley
14%
62 DE Justin Tuck
14%
64 OG Logan Mankins
14%
33 RB Matt Forte
14%
49 C Maurkice Pouncey
14%
88 RB Michael Turner
14%
85 LB NaVorro Bowman
14%
79 CB Nnamdi Asomugha
14%
10 LB Patrick Willis
14%
65 WR Roddy White
14%
39 WR Victor Cruz
14%
54 LB Brian Cushing
0%
76 OG Carl Nicks
0%
69 CB Carlos Rogers
0%
84 DE Chris Long
0%
97 OT Donald Penn
0%
89 DE Dwight Freeney
0%
68 DE Elvis Dumervil
0%
90 WR Hakeem Nicks
0%
59 OT Jake Long
0%
44 DE Jason Babin
0%
24 DE Jason Pierre-Paul
0%
73 CB Johnathan Joseph
0%
99 FB John Kuhn
0%
58 LB Jonathan Vilma
0%
63 LB LaMarr Woodley
0%
72 LB Lance Briggs
0%
18 RB LeSean McCoy
0%
87 LB London Fletcher
0%
70 QB Michael Vick
0%
47 WR Mike Wallace
0%
99 C Ryan Kalil
0%
34 DE Tamba Hali
0%
11 LB Terrell Suggs
0%
95 QB Tim Tebow
0%
57 DE Trent Cole
0%
45 FB Vonta Leach
0%
98 RB Willis McGahee
0%
No matching quizzes found
Score Distribution
Percent of People with Each Score
Percentile by Number Answered
Your Score History
You have not taken this quiz